000 nam a22 7a 4500
999 _c8494
_d8494
008 180117b ||||| |||| 00| 0 eng d
100 _94885
_aDONALDSON.J
245 _aWHAT THE LADY BIRD HEARD
260 _aUK
_bMACMILLAN
_c2011